00775nam a22001577a 4500008004100000020002100041050002100062245005100083250001100134260004800145300003400193440003800227500004500265505027800310650002900588130613t xxu||||| |||| 00| 0 spa d a978607-426-262-9 aKGF5422 A58 2012 aDerecho penal c/ Griselda Amuchategui Requena a4a ed. aMéxicob: Oxford University Pressc,2012. a532 p.b: il., diagrs.c23 cm aTextos Jurídicos Universitarios aDerecho / Derecho penal I P04 (21001694) aTeoría de la ley penal, Teoría del delito, la conducta y su aspecto negativo, la antijuridicidad y su aspecto negativo, la culpabilidad y su aspecto negativo, teoría del delincuente, teoría de la pena, sistemas doctrinales y tendencias relacionadas con el delito.  2DERECHO PENAL-- MÉXICO